000 00879nam a2200241Ia 4500
999 _c63475
_d63475
003 GCL
005 20240530110643.0
008 140319s9999 xx 000 0 ara d
040 _aGCL /
_cGCL
082 0 4 _a953.071
_bا م
100 1 _aابن الابار : ابوعبدالله محمد بن عبدالله بن ابى بكر
245 1 0 _aالمقتضب من كتاب تحفة القادم /
_cابن الابار : ابوعبدالله محمد بن عبدالله بن ابى بكر
260 _a[S.N] :
_bدار الكتاب المصرى ،
_c1990
300 _a256 ص
490 _aسلسلة اللغات للمسافر
_v0
650 0 4 _aالشعر العربى
650 0 4 _aالاندلس
650 0 4 _aالشعراء
650 0 4 _aفتح الاندلس
650 0 4 _aالمجموعات
700 1 _aابراهيم الابيارى
942 _2ddc
_cREF